01095cam a22003014a 45000010009000000050017000090080041000260100017000670200025000840200026001090400018001350420008001530500022001610820017001832450122002002600034003223000025003564900038003815040051004196500041004706500052005117000024005637000019005879060045006069420012006519990017006639520113006801713351720170105102841.0120125s2013 nyu b 001 0 eng  a 2012001396 a9780415698177 (hbk.) a9780203113646 (ebook) aDLCcDLCdDLC apcc00aJZ5625b.A77 201300a327.1/7422300aArms control in the 21st century :bbetween coercion and cooperation /cedited by Christopher Daase and Oliver Meier. aNew York :bRoutledge,c2013. axi, 247 p. ;c24 cm.0 aRoutledge global security studies aIncludes bibliographical references and index. 0aArms controlxHistoryy21st century. 0aSecurity, InternationalxHistoryy21st century.1 aDaase, Christopher.1 aMeier, Oliver. a7bcbccorignewd1eecipf20gy-gencatlg 2ddccBK c13865d13865 001040708NFICaCIPSbCIPScGENd2013-08-01l0o327.1/74 ARM 2013pCIPS0000009r2013-08-02w2017-01-05yBK